<?xml version="1.0" encoding="UTF-8"?>
<record
    xmlns:xsi="http://www.w3.org/2001/XMLSchema-instance"
    xsi:schemaLocation="http://www.loc.gov/MARC21/slim http://www.loc.gov/standards/marcxml/schema/MARC21slim.xsd"
    xmlns="http://www.loc.gov/MARC21/slim">

  <leader>01562namaa2200361 a 4500</leader>
  <controlfield tag="008">220221s2021    A  ||||fr|||| 001 0 S   d</controlfield>
  <datafield tag="020" ind1=" " ind2=" ">
    <subfield code="a">9788417949723</subfield>
  </datafield>
  <datafield tag="041" ind1=" " ind2=" ">
    <subfield code="a">spa</subfield>
  </datafield>
  <datafield tag="092" ind1=" " ind2=" ">
    <subfield code="c">61607</subfield>
    <subfield code="l">57</subfield>
    <subfield code="s">NOR</subfield>
  </datafield>
  <datafield tag="100" ind1="1" ind2=" ">
    <subfield code="a">Norris, Tommie L.</subfield>
    <subfield code="9">4154</subfield>
  </datafield>
  <datafield tag="245" ind1=" " ind2=" ">
    <subfield code="a">Porth.</subfield>
    <subfield code="b">Fundamentos de Fisiopatolog&#xED;a /</subfield>
    <subfield code="c">Tommie L. Norris.</subfield>
  </datafield>
  <datafield tag="250" ind1=" " ind2=" ">
    <subfield code="a">5ta ed.</subfield>
    <subfield code="b">Traducci&#xF3;n M&#xF3;nica Consuelo Ayala G&#xF3;mez, F&#xE9;lix Garc&#xED;a Roig y Alma Rosa Higuera</subfield>
  </datafield>
  <datafield tag="260" ind1=" " ind2=" ">
    <subfield code="a">Barcelona: </subfield>
    <subfield code="b">Wolters Kluwer;</subfield>
    <subfield code="c">2021.</subfield>
  </datafield>
  <datafield tag="300" ind1=" " ind2=" ">
    <subfield code="a">1197 p.</subfield>
    <subfield code="b">il.</subfield>
  </datafield>
  <datafield tag="500" ind1=" " ind2=" ">
    <subfield code="a">Norris, T. L. y Tuan, L. R. (2021). Porth. Fundamentos de fisiopatolog&#xED;a. (5a. ed.). Barcelona : Wolters Kluwer.</subfield>
  </datafield>
  <datafield tag="653" ind1=" " ind2=" ">
    <subfield code="a">Concepto de Salud y  enfermedad.</subfield>
  </datafield>
  <datafield tag="653" ind1=" " ind2=" ">
    <subfield code="a">Funci&#xF3;n y crecimiento celular</subfield>
  </datafield>
  <datafield tag="653" ind1=" " ind2=" ">
    <subfield code="a">Alteraciones de la funci&#xF3;n integradora.</subfield>
  </datafield>
  <datafield tag="653" ind1=" " ind2=" ">
    <subfield code="a">Infecci&#xF3;n, inflamaci&#xF3;n e inmunidad.</subfield>
  </datafield>
  <datafield tag="653" ind1=" " ind2=" ">
    <subfield code="a">Alteraciones de la funci&#xF3;n neurol&#xF3;gica.</subfield>
  </datafield>
  <datafield tag="653" ind1=" " ind2=" ">
    <subfield code="a">Alteraciones de las funciones sensoriales especiales.</subfield>
  </datafield>
  <datafield tag="653" ind1=" " ind2=" ">
    <subfield code="a">Alteraciones del sistema hematopoy&#xE9;tico.</subfield>
  </datafield>
  <datafield tag="653" ind1=" " ind2=" ">
    <subfield code="a">Alteraciones de la funci&#xF3;n cardiovascular.</subfield>
  </datafield>
  <datafield tag="653" ind1=" " ind2=" ">
    <subfield code="a">Alteraciones de la funci&#xF3;n respiratoria.</subfield>
  </datafield>
  <datafield tag="653" ind1=" " ind2=" ">
    <subfield code="a">Alteraciones de la funci&#xF3;n renal.</subfield>
  </datafield>
  <datafield tag="653" ind1=" " ind2=" ">
    <subfield code="a">Alteraciones de la funci&#xF3;n digestiva.</subfield>
  </datafield>
  <datafield tag="653" ind1=" " ind2=" ">
    <subfield code="a">Alteraciones de la funci&#xF3;n endocrina.</subfield>
  </datafield>
  <datafield tag="653" ind1=" " ind2=" ">
    <subfield code="a">Alteraciones de la funci&#xF3;n genitourinaria y reproductiva.</subfield>
  </datafield>
  <datafield tag="653" ind1=" " ind2=" ">
    <subfield code="a">Alteraciones de la funci&#xF3;n musculoesquel&#xE9;tica.</subfield>
  </datafield>
  <datafield tag="653" ind1=" " ind2=" ">
    <subfield code="a">Alteraciones de la funci&#xF3;n tegumentaria.</subfield>
  </datafield>
  <datafield tag="700" ind1="1" ind2=" ">
    <subfield code="a">Tuan, Lalchandani Rupa.</subfield>
    <subfield code="9">4155</subfield>
  </datafield>
  <datafield tag="942" ind1=" " ind2=" ">
    <subfield code="2">ddc</subfield>
    <subfield code="c">BK</subfield>
  </datafield>
  <datafield tag="999" ind1=" " ind2=" ">
    <subfield code="c">3129</subfield>
    <subfield code="d">3129</subfield>
  </datafield>
  <datafield tag="952" ind1=" " ind2=" ">
    <subfield code="0">0</subfield>
    <subfield code="1">0</subfield>
    <subfield code="2">ddc</subfield>
    <subfield code="4">0</subfield>
    <subfield code="7">0</subfield>
    <subfield code="a">BFM</subfield>
    <subfield code="b">BFM</subfield>
    <subfield code="c">CR</subfield>
    <subfield code="d">2022-02-21</subfield>
    <subfield code="e">Compra Facimed,Diciembre 2021</subfield>
    <subfield code="l">72</subfield>
    <subfield code="m">6</subfield>
    <subfield code="o">61607 57 NOR</subfield>
    <subfield code="p">4741</subfield>
    <subfield code="r">2026-05-06</subfield>
    <subfield code="s">2026-04-28</subfield>
    <subfield code="t">Ej. 4</subfield>
    <subfield code="w">2022-02-21</subfield>
    <subfield code="y">BK</subfield>
    <subfield code="z">Compra Facimed, Diciembre 2021. Sede Tordos.</subfield>
    <subfield code="f"></subfield>
  </datafield>
  <datafield tag="952" ind1=" " ind2=" ">
    <subfield code="0">0</subfield>
    <subfield code="1">0</subfield>
    <subfield code="2">ddc</subfield>
    <subfield code="4">0</subfield>
    <subfield code="7">0</subfield>
    <subfield code="a">BFM</subfield>
    <subfield code="b">BFM</subfield>
    <subfield code="c">CR</subfield>
    <subfield code="d">2022-02-21</subfield>
    <subfield code="e">Compra Facimed,Diciembre 2021</subfield>
    <subfield code="l">56</subfield>
    <subfield code="m">4</subfield>
    <subfield code="o">61607 57 NOR</subfield>
    <subfield code="p">4742</subfield>
    <subfield code="r">2026-05-27</subfield>
    <subfield code="s">2026-05-21</subfield>
    <subfield code="t">Ej. 5</subfield>
    <subfield code="w">2022-02-21</subfield>
    <subfield code="y">BK</subfield>
    <subfield code="z">Compra Facimed, Diciembre 2021. Sede Tordos.</subfield>
    <subfield code="f"></subfield>
  </datafield>
  <datafield tag="952" ind1=" " ind2=" ">
    <subfield code="0">0</subfield>
    <subfield code="1">0</subfield>
    <subfield code="2">ddc</subfield>
    <subfield code="4">0</subfield>
    <subfield code="7">0</subfield>
    <subfield code="a">BFM</subfield>
    <subfield code="b">BFM</subfield>
    <subfield code="c">CR</subfield>
    <subfield code="d">2022-02-21</subfield>
    <subfield code="e">Compra Facimed,Diciembre 2021</subfield>
    <subfield code="l">65</subfield>
    <subfield code="m">4</subfield>
    <subfield code="o">61607 57 NOR</subfield>
    <subfield code="p">4743</subfield>
    <subfield code="q">2026-06-09</subfield>
    <subfield code="r">2026-06-02</subfield>
    <subfield code="s">2026-06-02</subfield>
    <subfield code="t">Ej. 6</subfield>
    <subfield code="w">2022-02-21</subfield>
    <subfield code="y">BK</subfield>
    <subfield code="z">Compra Facimed, Diciembre 2021. Sede Tordos.  Libro con hoja da&#xF1;ada y reparada. (14/12/2022)</subfield>
    <subfield code="f"></subfield>
  </datafield>
  <datafield tag="952" ind1=" " ind2=" ">
    <subfield code="0">0</subfield>
    <subfield code="1">0</subfield>
    <subfield code="2">ddc</subfield>
    <subfield code="4">0</subfield>
    <subfield code="7">0</subfield>
    <subfield code="a">BFM</subfield>
    <subfield code="b">BFM</subfield>
    <subfield code="c">CR</subfield>
    <subfield code="d">2022-02-21</subfield>
    <subfield code="e">Compra Facimed,Diciembre 2021</subfield>
    <subfield code="l">63</subfield>
    <subfield code="m">5</subfield>
    <subfield code="o">61607 57 NOR</subfield>
    <subfield code="p">4744</subfield>
    <subfield code="r">2026-04-27</subfield>
    <subfield code="s">2026-04-27</subfield>
    <subfield code="t">Ej. 7</subfield>
    <subfield code="w">2022-02-21</subfield>
    <subfield code="y">BK</subfield>
    <subfield code="z">Compra Facimed,Diciembre 2021</subfield>
    <subfield code="f"></subfield>
  </datafield>
</record>
